| 000 | 00450nam a2200169 i 4500 | ||
|---|---|---|---|
| 001 | 29027 | ||
| 003 | ES-MaACL | ||
| 005 | 20230906153952.0 | ||
| 007 | t| | ||
| 008 | 030120q19001999fr ||||1| fre d | ||
| 100 | 1 |
_aBalzac, Honoré de, _d1799-1850 _925139 |
|
| 245 | 1 | 0 |
_aEugénie Grandet / _cHonore de Balzac. |
| 260 |
_aParís : _bErnest Flammarion, _c[19??] |
||
| 300 |
_a344 p. ; _c19 cm. |
||
| 852 |
_aES-MaACL _jG-8772 |
||
| 999 |
_c29027 _d29027 |
||